| 000 | 01370nam a2200361 i 4500 | ||
|---|---|---|---|
| 003 | EG-ScBUE | ||
| 005 | 20231126143018.0 | ||
| 008 | 170704s2011 ua o f b 000 0 ara d | ||
| 017 | _a2010 / 17654 | ||
| 020 | _a977208855X | ||
| 040 |
_aEG-ScBUE _bara _erda _dEG-ScBUE _cEG-ScBUE |
||
| 043 | _af-ua--- | ||
| 082 | 0 | 4 |
_a932.02 _bغ ب و _222 |
| 100 | 1 |
_aغبور، منير، _eمؤلف. |
|
| 245 | 1 | 0 |
_aحضارة مصر القبطية : _bالذاكرة المفقودة / _cمنير غبور، أحمد عثمان. |
| 250 | _aالطبعة الأولى. | ||
| 264 | 1 |
_aالقاهرة : _bمكتبة مدبولي، _c2011. |
|
| 300 |
_a166 صفحة : _bصور ؛ _c24 سم. |
||
| 336 |
_2rdacontent _aنص _btxt |
||
| 337 |
_aبدون وسيط _2rdamedia _bn |
||
| 338 |
_aمجلد _bnc _2rdacarrier |
||
| 490 | 0 |
_aصفحات من تاريخ مصر ؛ _v59 |
|
| 500 | _aيشتمل على ملحق بالصور. | ||
| 504 | _aيشتمل على إرجاعات ببليوجرافية. | ||
| 590 | _aسامح | ||
| 650 | 7 |
_aالحضارة القبطية. _2BUEsh |
|
| 650 | 7 |
_aالآثار القديمة _vمصر. _2BUEsh |
|
| 651 | 7 |
_aمصر _xتاريخ _yالعصر القبطي، 342-642. _2BUEsh |
|
| 653 |
_bGGEN _bBUSBOL _cJuly2017 |
||
| 655 | _vReading book | ||
| 700 | 1 |
_aعثمان، أحمد، _eمؤلف مشارك. _920605 |
|
| 942 | _2ddc | ||
| 999 |
_c24974 _d24946 |
||